000 00278nam a22001217a 4500
082 _a920
_bRAM/W
100 _aRAMESH,B.G
245 _aWORLD FAMOUS SCIENTISTS
260 _aBANGALORE
_bGANESH PUBLICATIONS
300 _a128
650 _aFAMOUS SCIENTISTS
_zKARNATAKA
942 _cBK
999 _c6360
_d6360